Bibliografia publikácií s orientalistickou tématikou (z fondov vybraných starších slovenských knižníc)

Bibliographic Details
Main Author: Brunner, František (Author)
Other Authors: Kopčan, Vojtech, 1940-2000 (Compiler)
Format: Book
Language:Slovak
PhysicalDescription:231 s. 4°
Published: Bratislava Slovenská orientalistická spoločnosť pri SAV 1972
Edition:1. vyd.
Subjects:

MARC

LEADER 00000nam a2200000 a 4500
001 vtls009563269
003 SK-MaSNL
005 20260301171402.0
008 180814e1972 xo f 000 0 slo
015 |a SNBA1972 
035 |a TNKK036880 
040 |a SNK  |b slo  |c SNK  |e AACR2 
041 0 |a slo 
044 |a xo  |c SK 
080 |a 016(5-11)  |2 1981 
100 1 |a Brunner, František  |4 aut  |9 49147 
245 1 0 |a Bibliografia publikácií s orientalistickou tématikou  |b (z fondov vybraných starších slovenských knižníc)  |c zost. František Brunner, Vojtech Kopčan 
250 |a 1. vyd. 
260 |a Bratislava  |b Slovenská orientalistická spoločnosť pri SAV  |c 1972 
300 |a 231 s.  |c 4° 
650 0 7 |a orientalistika  |2 SNKPH  |9 69187 
655 7 |a bibliografie  |2 SNKPH  |9 28668 
700 1 |a Kopčan, Vojtech,  |d 1940-2000  |4 com  |9 88197 
958 |a OND 
958 |a TL 
958 |a KL 
999 |c 830667  |d 832597 
952 |a SNK  |b SNK  |y PREZ  |7 0  |p 17A1000758  |o snkSB 31416  |i snkKSP 1751/81  |0 0  |1 0  |4 0  |d 2014-10-07  |f 1  |l 0  |r 2025-04-07 00:00:00  |w 2026-02-24 
952 |a SNK  |b SNK  |y VYP  |7 0  |p 17A1153865  |o snkSB 31416 D1  |i snkD 867/83  |8 1  |0 0  |1 0  |4 0  |d 2014-10-07  |l 0  |r 2026-02-24 03:36:42  |w 2026-02-24